[Event "Arco op 41st"]
[Site "Arco"]
[Date "2019.10.08"]
[Round "5"]
[White "Astengo, Corrado"]
[Black "Jung, Florian"]
[Result "1-0"]
[WhiteElo "2100"]
[BlackElo "1968"]
[PlyCount "85"]
[EventDate "2019.10.04"]
[EventType "swiss"]
[EventRounds "9"]
[EventCountry "ITA"]
[SourceTitle "EXT 2020"]
[Source "ChessBase"]
[SourceDate "2019.10.17"]
[SourceVersion "1"]
[SourceVersionDate "2019.10.17"]
[SourceQuality "1"]

1. e4 c6 2. d4 d5 3. exd5 cxd5 4. c4 Nf6 5. Nc3 g6 6. Qb3 Bg7 7. cxd5 0-0 8. Be2 Nbd7 9. Bf3 h5 10. Nge2 Nb6 11. a4 Bg4 12. Bxg4 hxg4 13. a5 Nbxd5 14. Qxb7 Rb8 15. Qxa7 Nb4 16. 0-0 Nd7 17. Bf4 e5 18. dxe5 Bxe5 19. Rad1 Qf6 20. Qxd7 Bxf4 21. Nxf4 Qxf4 22. Rd4 Qf6 23. Qd6 Qxd6 24. Rxd6 Ra8 25. Ra1 Rfe8 26. h3 gxh3 27. gxh3 Reb8 28. Ra4 Nc2 29. Rb6 Rxb6 30. axb6 Rb8 31. Nd5 Ne1 32. Ra7 Kg7 33. Rc7 Nf3+ 34. Kg2 Nd4 35. b4 Ne6 36. Kf3 Kf8 37. Ke4 Ke8 38. Re7+ Kf8 39. Ke5 Rxb6 40. Rxf7+ Kxf7 41. Nxb6 Ke7 42. Nd5+ Kd7 43. h4 1-0

[Event "Arco op-A 39th"]
[Site "Arco"]
[Date "2017.10.13"]
[Round "7"]
[White "Jung, Florian"]
[Black "Behling, Robert"]
[Result "1/2-1/2"]
[WhiteElo "1921"]
[BlackElo "2081"]
[PlyCount "82"]
[EventDate "2017.10.07"]
[EventType "swiss"]
[EventRounds "9"]
[EventCountry "ITA"]
[SourceTitle "CBM 181 Extra"]
[Source "ChessBase"]
[SourceDate "2017.12.12"]
[SourceVersion "1"]
[SourceVersionDate "2017.12.12"]
[SourceQuality "1"]

1. e4 c6 2. d4 d5 3. Nc3 dxe4 4. Nxe4 Bf5 5. Ng3 Bg6 6. Bc4 e6 7. N1e2 Bd6 8. Nf4 Nf6 9. 0-0 Nd5 10. Bxd5 cxd5 11. Re1 Nc6 12. c3 0-0 13. Nd3 Bxd3 14. Qxd3 a6 15. Qf3 Qh4 16. Nf1 Ne7 17. g3 Qh3 18. Ne3 h5 19. Qg2 Qxg2+ 20. Kxg2 Rfc8 21. Bd2 Nc6 22. f4 g6 23. h3 Na5 24. Kf3 Nc4 25. Nxc4 Rxc4 26. g4 hxg4+ 27. hxg4 Kg7 28. f5 exf5 29. gxf5 Rh8 30. Rh1 Rcc8 31. Bf4 Rxh1 32. Rxh1 Bxf4 33. Kxf4 Re8 34. fxg6 fxg6 35. Rh2 Re7 36. Kg5 Rf7 37. Re2 Rf5+ 38. Kg4 Kf6 39. Re8 Rg5+ 40. Kf3 Rf5+ 41. Kg3 Rg5+ 1/2-1/2

[Event "Arco op-A 39th"]
[Site "Arco"]
[Date "2017.10.07"]
[Round "1"]
[White "Jung, Florian"]
[Black "Bodrogi, Bendeguz"]
[Result "1-0"]
[WhiteElo "1921"]
[BlackElo "1440"]
[PlyCount "45"]
[EventDate "2017.10.07"]
[EventType "swiss"]
[EventRounds "9"]
[EventCountry "ITA"]
[SourceTitle "CBM 181 Extra"]
[Source "ChessBase"]
[SourceDate "2017.12.12"]
[SourceVersion "1"]
[SourceVersionDate "2017.12.12"]
[SourceQuality "1"]

1. Nf3 c6 2. d4 d5 3. c4 Nf6 4. Nc3 Bg4 5. cxd5 cxd5 6. Ne5 Bh5 7. Qb3 b6 8. e4 e6 9. Bb5+ Nbd7 10. Bg5 Be7 11. Bxf6 Bxf6 12. Nxd7 Be7 13. exd5 exd5 14. Nf6+ Kf8 15. Nxh5 Rc8 16. 0-0 g6 17. Ng3 Kg7 18. Rae1 Bf6 19. Nxd5 Bxd4 20. Rd1 Bc5 21. Ne4 Qh4 22. Qc3+ Kf8 23. Qxh8# 1-0